000 00867cam a2200229 i 4500
005 20260126111428.0
008 250721s2007 xx 000 0 ara d
020 _a995732294X
082 1 4 _a346.07
_bر ز ي
100 1 _aزريقات، عمر خالد
_eمؤلف.
245 1 0 _aعقد التجارة اللإلكترونية :
_bعقد البيع عبر الإنترنت دراسة تحليلية /
_cالدكتور عمر خالد زريقات.
250 _aالطبعة الاولى.
264 3 1 _aعمان :
_bدار الحامد للنشر و التوزيع،
_c2007.
300 _a498 صفحة.
650 1 7 _aالتجارة الإلكترونية.
650 1 7 _aالتجارة الدولية.
650 1 7 _aالعقود.
650 1 7 _aالعقود.
650 1 7 _aالبيوع.
942 _2ddc
_cBK
999 _c105387
_d105387